NDU-K Library Catalogue

Girl in a jacket 

Uncharted territory : (Record no. 23694)

MARC details
000 -LEADER
fixed length control field 01519cam a22003974a 4500
001 - CONTROL NUMBER
control field 16062681
003 - CONTROL NUMBER IDENTIFIER
control field OSt
005 - DATE AND TIME OF LATEST TRANSACTION
control field 20260416073116.0
008 - FIXED-LENGTH DATA ELEMENTS--GENERAL INFORMATION
fixed length control field 100121s2009 enka b 001 0 eng d
010 ## - LIBRARY OF CONGRESS CONTROL NUMBER
LC control number 2010285503
020 ## - INTERNATIONAL STANDARD BOOK NUMBER
International Standard Book Number 9781853396878
020 ## - INTERNATIONAL STANDARD BOOK NUMBER
International Standard Book Number 1853396877
035 ## - SYSTEM CONTROL NUMBER
System control number 16062681
035 ## - SYSTEM CONTROL NUMBER
System control number (OCoLC)320189442
040 ## - CATALOGING SOURCE
Original cataloging agency BTCTA
Transcribing agency BTCTA
Modifying agency BWK
-- DGU
-- OCLCQ
-- DLC
042 ## - AUTHENTICATION CODE
Authentication code lccopycat
043 ## - GEOGRAPHIC AREA CODE
Geographic area code d------
050 00 - LIBRARY OF CONGRESS CALL NUMBER
Classification number HD1251
Item number .U53 2009
082 00 - DEWEY DECIMAL CLASSIFICATION NUMBER
Classification number 333.3
Edition number 22
245 00 - TITLE STATEMENT
Title Uncharted territory :
Remainder of title land, conflict and humanitarian action /
Statement of responsibility, etc. edited by Sara Pantuliano.
260 ## - PUBLICATION, DISTRIBUTION, ETC.
Place of publication, distribution, etc. Rugby :
Name of publisher, distributor, etc. Practical Action Publishing,
Date of publication, distribution, etc. 2009.
300 ## - PHYSICAL DESCRIPTION
Extent xvi, 224 p. :
Other physical details ill. ;
Dimensions 24 cm.
336 ## - CONTENT TYPE
Content type term text
Content type code txt
Source rdacontent
337 ## - MEDIA TYPE
Media type term unmediated
Media type code n
Source rdamedia
338 ## - CARRIER TYPE
Carrier type term volume
Carrier type code nc
Source rdacarrier
504 ## - BIBLIOGRAPHY, ETC. NOTE
Bibliography, etc. note Includes bibliographical references and index.
650 #0 - SUBJECT ADDED ENTRY--TOPICAL TERM
Topical term or geographic name entry element Land tenure
General subdivision Political aspects
Geographic subdivision Developing countries.
700 1# - ADDED ENTRY--PERSONAL NAME
Personal name Pantuliano, Sara.
856 42 - ELECTRONIC LOCATION AND ACCESS
Materials specified Contributor biographical information
Uniform Resource Identifier <a href="http://www.loc.gov/catdir/enhancements/fy1116/2010285503-b.html">http://www.loc.gov/catdir/enhancements/fy1116/2010285503-b.html</a>
856 42 - ELECTRONIC LOCATION AND ACCESS
Materials specified Publisher description
Uniform Resource Identifier <a href="http://www.loc.gov/catdir/enhancements/fy1116/2010285503-d.html">http://www.loc.gov/catdir/enhancements/fy1116/2010285503-d.html</a>
856 41 - ELECTRONIC LOCATION AND ACCESS
Materials specified Table of contents only
Uniform Resource Identifier <a href="http://www.loc.gov/catdir/enhancements/fy1116/2010285503-t.html">http://www.loc.gov/catdir/enhancements/fy1116/2010285503-t.html</a>
906 ## - LOCAL DATA ELEMENT F, LDF (RLIN)
a 7
b cbc
c copycat
d 2
e ncip
f 20
g y-gencatlg
942 ## - ADDED ENTRY ELEMENTS (KOHA)
Source of classification or shelving scheme Library of Congress Classification
Koha item type Normal Collection
Suppress in OPAC No
Holdings
Withdrawn status Lost status Source of classification or shelving scheme Damaged status Not for loan Home library Current library Date acquired Inventory number Total Checkouts Full call number Barcode Date last seen Price effective from Koha item type
    Library of Congress Classification     International Peace Support Training Centre (IPSTC) International Peace Support Training Centre (IPSTC) 16/04/2026 2496/2017   HD1251 .U53 2009 200124962017 16/04/2026 16/04/2026 Normal Collection
Copyright © 2026 [National Defence University - Kenya]. All rights reserved.